<?xml version="1.0" encoding="UTF-8"?>
<record
    xmlns:xsi="http://www.w3.org/2001/XMLSchema-instance"
    xsi:schemaLocation="http://www.loc.gov/MARC21/slim http://www.loc.gov/standards/marcxml/schema/MARC21slim.xsd"
    xmlns="http://www.loc.gov/MARC21/slim">

  <leader>00978nam a2200301 u 4500</leader>
  <controlfield tag="001">182980</controlfield>
  <controlfield tag="005">20260506081209.0</controlfield>
  <controlfield tag="008">980522s1992                        spa  </controlfield>
  <datafield tag="035" ind1=" " ind2=" ">
    <subfield code="a">182980</subfield>
  </datafield>
  <datafield tag="035" ind1=" " ind2=" ">
    <subfield code="a">(OCoLC)778052821</subfield>
  </datafield>
  <datafield tag="040" ind1=" " ind2=" ">
    <subfield code="c">comduadb</subfield>
  </datafield>
  <datafield tag="041" ind1=" " ind2=" ">
    <subfield code="a">spa</subfield>
  </datafield>
  <datafield tag="080" ind1=" " ind2=" ">
    <subfield code="a">WA</subfield>
  </datafield>
  <datafield tag="100" ind1="1" ind2="0">
    <subfield code="a">Bedoya Moreno, Martha</subfield>
    <subfield code="4">aut</subfield>
    <subfield code="e">aut</subfield>
    <subfield code="9">492916</subfield>
  </datafield>
  <datafield tag="245" ind1="1" ind2="0">
    <subfield code="a">Bases para un sistema de vigilancia epidemiologica para la conservacion auditiva</subfield>
  </datafield>
  <datafield tag="260" ind1=" " ind2=" ">
    <subfield code="a">Medell&#xED;n :</subfield>
    <subfield code="b">Instituto de Seguros Sociales,</subfield>
    <subfield code="c">1992.</subfield>
  </datafield>
  <datafield tag="300" ind1=" " ind2=" ">
    <subfield code="a">99p. il.</subfield>
  </datafield>
  <datafield tag="500" ind1=" " ind2=" ">
    <subfield code="a">Donacion ISS 17/03/93.</subfield>
  </datafield>
  <datafield tag="650" ind1=" " ind2="7">
    <subfield code="a">Ruido</subfield>
    <subfield code="2">dcs</subfield>
    <subfield code="9">33462</subfield>
  </datafield>
  <datafield tag="650" ind1=" " ind2=" ">
    <subfield code="a">Prevenci&#xF3;n y control</subfield>
    <subfield code="9">20999</subfield>
  </datafield>
  <datafield tag="650" ind1=" " ind2=" ">
    <subfield code="a">Audici&#xF3;n</subfield>
    <subfield code="9">280</subfield>
  </datafield>
  <datafield tag="650" ind1=" " ind2="7">
    <subfield code="a">Salud ocupacional</subfield>
    <subfield code="2">lemb</subfield>
    <subfield code="9">37677</subfield>
  </datafield>
  <datafield tag="650" ind1=" " ind2="7">
    <subfield code="a">Monitoreo epidemiol&#xF3;gico</subfield>
    <subfield code="2">dcs</subfield>
    <subfield code="9">155303</subfield>
  </datafield>
  <datafield tag="700" ind1="1" ind2="0">
    <subfield code="a">Gonz&#xE1;lez L&#xF3;pez de Mesa, C&#xE9;sar</subfield>
    <subfield code="4">aut</subfield>
    <subfield code="e">aut</subfield>
    <subfield code="9">492917</subfield>
  </datafield>
  <datafield tag="700" ind1="1" ind2="0">
    <subfield code="a">Ruiz Gomez, Felipe</subfield>
    <subfield code="4">aut</subfield>
    <subfield code="e">aut</subfield>
    <subfield code="9">506799</subfield>
  </datafield>
  <datafield tag="700" ind1="1" ind2="0">
    <subfield code="a">Wills Betancur, Beatriz Amparo</subfield>
    <subfield code="4">aut</subfield>
    <subfield code="e">aut</subfield>
    <subfield code="9">501058</subfield>
  </datafield>
  <datafield tag="942" ind1=" " ind2=" ">
    <subfield code="c">BOOK</subfield>
  </datafield>
  <datafield tag="999" ind1=" " ind2=" ">
    <subfield code="c">85628</subfield>
    <subfield code="d">85628</subfield>
  </datafield>
  <datafield tag="952" ind1=" " ind2=" ">
    <subfield code="0">0</subfield>
    <subfield code="1">0</subfield>
    <subfield code="4">0</subfield>
    <subfield code="7">0</subfield>
    <subfield code="8">GENERAL</subfield>
    <subfield code="a">BSP</subfield>
    <subfield code="b">BSP</subfield>
    <subfield code="d">1998-05-22</subfield>
    <subfield code="i">C253080</subfield>
    <subfield code="l">0</subfield>
    <subfield code="o">WA470 B3-92 e1</subfield>
    <subfield code="p">61000000786729</subfield>
    <subfield code="r">2023-04-22 00:00:00</subfield>
    <subfield code="t">2</subfield>
    <subfield code="w">2023-04-22</subfield>
    <subfield code="y">BOOK</subfield>
  </datafield>
</record>
